000 00399nam a2200133Ia 4500
008 220217s9999 xx 000 0 und d
245 0 _aSpecification for cycle tyres. (First Revision)
260 _aNew Delhi
260 _c1969
_bISI
490 _aCycles Tyres Tubes&Rub Accessories subcom, CDC 6:8
500 _aStandard number: IS 2414
650 _aRubber tyre and tubes for cycle
942 _cST
999 _c73619
_d73619